| 000 | 01184nam a22003257i 4500 | ||
|---|---|---|---|
| 003 | DO-SdBNP | ||
| 005 | 20250211131755.0 | ||
| 007 | ta | ||
| 008 | 220209b2020 dr ||||| |||| 00| 0 spa d | ||
| 020 | _a9780578548265 | ||
| 040 |
_aDO-SdBNP _bspa _cBNPHU _erda |
||
| 041 | _aspa | ||
| 082 | 4 |
_aRD864.4409 _bP966e _222 |
|
| 100 | 1 |
_aProsdocimi Rivera, María del Carmen de, _eautor _4aut. _981186 |
|
| 245 | 1 | 0 |
_aEntre enanas y profetas a senderos de cristal : _bestudios / _cMaría del Carmen Prosdocimi de Rivera ; ilustración, Ada Balcácer. |
| 250 | _aPrimera edición | ||
| 264 | 4 |
_aSanto Domingo : _bEditora Búho, _c©2019. |
|
| 300 |
_a395 páginas ; _c23 cm. |
||
| 336 |
_atexto _btxt _2rdacontent |
||
| 337 |
_asin mediación _bn _2rdamedia |
||
| 338 |
_avolumen _bnc _2rdacarrier |
||
| 500 | _aIncluye datos biográficos de la autora en la página [97]. | ||
| 504 | _aBibliografía: p. 387-392 | ||
| 590 | _aInventariado, 2022 /LP | ||
| 650 | 4 |
_aEnsayos dominicanos _965 |
|
| 650 | 4 |
_aLiteratura dominicana _xHistoria y crítica _9159 |
|
| 700 | 1 |
_aBalcácer, Ada, _eilustrador _4il. _924847 |
|
| 910 | _aLopérez./Inventariado, 2022/MFF | ||
| 942 |
_2ddc _cLBS1 |
||
| 999 |
_c51382 _d51382 |
||